000 00533cam a2200193ua 4500
003 OSt
005 20260213112633.0
008 260213b |||||||| |||| 00| 0 eng d
041 _aeng
082 _a631.45
_bVAR/GR
100 _aVarma, C V J .
_91479
245 _aGround Improvement with Geo synthatics /
260 _aIndia :
_bCommittee for International Geotextiles society ana C B I ,
_c1995.
300 _a135 ; .
500 _a** Reference
700 1 _aRao, A R G .
_95411
700 1 _aRao, G V .
_97859
942 _cBK
999 _c818
_d818